000 00833pab a2200169 454500
008 180718b1999 xxu||||| |||| 00| 0 eng d
100 _aMathew, George
245 _aGram Sabha and social audit
260 _c1999
300 _ap.25-29
362 _aOct
520 _aSensitising the target group about the benefits of any programme and identifying gaps in the implementation of the programme; scrutiny of the implication of the technological choice for the people; scrutiny of the organisational structure and policy evolution for the people keeping in view their interests, priorities and perceptions; and making the system open and accountable to the people are necessary to make social audit effective. - Reproduced
650 _aRural development - India
650 _aPanchayat
773 _aKurukshetra
909 _a42617
999 _c42617
_d42617